Normal view
MARC view
Entry Personal Name
001 - CONTROL NUMBER
- control field: 5249
003 - CONTROL NUMBER IDENTIFIER
- control field: ARRUPE
005 - DATE AND TIME OF LATEST TRANSACTION
- control field: 20131205182255.0
008 - FIXED-LENGTH DATA ELEMENTS
- fixed length control field: 131205|| aca||aabn | a|a d
040 ## - CATALOGING SOURCE
- Original cataloging agency: ARRUPE
- Transcribing agency: ARRUPE
100 ## - HEADING--PERSONAL NAME
- Personal name: Arnot, Fred. S.
- Fuller form of name: (Frederick Stanley),
- Dates associated with a name: 1858-1914.
670 ## - SOURCE DATA FOUND
- Source citation: Work cat.: (ARRUPE)0: Lawman, Anthony 5248, From the hands of the wicked., [1960]